| 000 | 00963cam a2200241 4500 | ||
|---|---|---|---|
| 008 | 020719n2002 000 0 eng u | ||
| 020 | _a1853288608 | ||
| 035 | _a(Sirsi) u118904 | ||
| 041 | _aeng. | ||
| 050 |
_a336.271 _c18 |
||
| 100 | _aJordan, David | ||
| 245 | _aUnderstanding VAT on property | ||
| 260 |
_aLondon _bLaw Society _c2002 |
||
| 300 |
_axxv, 336p. _c24cm. |
||
| 350 | _a39.95 | ||
| 520 | _aThis text provides commercial and domestic property practitioners with the information they need to advise their clients. Features include: examples of how VAT applies in practice to specific property transactions; advice on how to avoid common pitfalls and negligence claims; relevant statutory extracts; and guidance from HM Customs & Excise. | ||
| 520 | _aSuperseded by 2nd ed. (ISBN 1853289949) | ||
| 650 | _aVALUE ADDED TAX | ||
| 650 | _aPROPERTY-COMMERCIAL PROPERTY | ||
| 650 | _aDOMESTIC PROPERTY | ||
| 690 | _aTAXATION | ||
| 942 | _n0 | ||
| 999 |
_c102190 _d102190 |
||